000 00478nam a2200157Ia 4500
008 240126s9999 xx 000 0 und d
022 _a2278-8727
041 _aEnglish
082 _aLIBRARY-J2
245 0 _aIOSR Journal of Computer Engineering (2016 -
260 _bIOSR Journals International Organization of Scientific Research
_aGhaziabad, UP, India
440 _aNULL
650 _aComputer Science
650 _aIOSR,Computer,(2016,-,Computer Science
942 _cJN
999 _c286142
_d286142